02053cam a22004694i 4500003000900000005001700009008004100026035001900067040003300086049000900119082001700128100003100145245009400176264004600270300002800316336002100344337002500365338002300390504002800413505043900441526001000880526001000890526001000900526001000910526000800920526000800928526000800936526000800944526000800952526000800960526000800968650001600976700001900992910002801011942001401039949012801053994001401181596000601195999016301201980005501364952016401419PE-LiUPU20250731172912.0150617s r 000 0 d a(Sirsi) a16936 aPE-LiUPUbspacPE-LiUPUerda aPRUA04a273bC872211 aCristiani, León,eautor.10aBreve historia de las herejías /cCanónigo Cristiani. [Versión.. de F. Condomines]. 1aAndorra :bEditorial Casal I Vall,c1958. a152 páginas ;c20 cm. atext2rdacontent aunmediated2rdamedia avolume2rdacarrier aIncluye bibliografía.0 aLas herejías desde los orígenes hasta principios del siglo IV. -Las herejías en la iglesia del siglo IV. -Las herejías en occidente. -Los errores cristológicos desde el siglo IV al VII. -Las herejías medievales. -La revolución protestante. -El anglicanismo. Pululación de sectas. -El jansenismo o la tercera reforma. -Herejías desde el siglo XVII al XX. -Conclusión. ¿Terminará el ecumenismo con las herejías. aSEG42 aSEG41 aSEG40 aSEG39 aP94 aP87 aP86 aP85 aP77 aP76 aP3504aHerejías.1 aCondomines, F. ajckbjvqcjckd20150616 2ddccBOOK a273 C87wDEWEYc1i06888lCCODEBUL1mBULp00.00r0sYtBOOKu2015-04-21xTEOLOGIAPP350COMPRAo.STAFF. Colección General aC0bPEPRU a1 a273 C87wDEWEYc16459i06888d16459e2018-4-22f2021-11-12g5lCCODEBUL1mBULn1q2r0sYtBOOKu2015-4-21xTEOLOGIAPP350COMPRAo.STAFF. Colección General 81gALBERTO SANCHEZ Responsable de Automatización r2025-12-02 00:00:00i6l2o273 C87p06888s2024-04-10te1w2015-04-21xFTyBKzinventario-2023-12-13102ddc50708GENfP35aBULbBULcGENd2015-04-21eCOMPRA